[Event "Titled Tuesday intern op 26th Sep Early"]
[Site "Chess.com INT"]
[Date "2023.09.26"]
[Round "5"]
[White "Panda, Sambit"]
[Black "Shah, Vishwa Megh"]
[Result "1-0"]
[WhiteElo "2395"]
[BlackElo "2186"]
[PlyCount "51"]
[EventDate "2023.09.26"]
[EventType "swiss (blitz)"]
[EventRounds "11"]
[EventCountry "USA"]
[SourceTitle "EXT 2024"]
[Source "ChessBase"]
[SourceDate "2023.10.10"]
[SourceVersion "1"]
[SourceVersionDate "2023.10.10"]
[SourceQuality "1"]

1. Nf3 Nf6 2. c4 d6 3. d4 Nbd7 4. Nc3 e5 5. e4 Be7 6. Be2 0-0 7. 0-0 c6 8. Re1 Re8 9. Bf1 Qc7 10. b3 exd4 11. Nxd4 Nc5 12. Bf4 Nfd7 13. Nf5 Ne5 14. Nxe7+ Qxe7 15. Qd2 Be6 16. Rad1 Rad8 17. f3 a5 18. Qf2 Bc8 19. Be3 h6 20. Rd2 Ng6 21. Red1 b6 22. Qg3 Ne5 23. Bxh6 Ng6 24. Bg5 f6 25. Be3 Ne5 26. h3 1-0

[Event "Titled Tuesday intern op 26th Sep Early"]
[Site "Chess.com INT"]
[Date "2023.09.26"]
[Round "1"]
[White "Veljanoski, Andrej"]
[Black "Shah, Vishwa Megh"]
[Result "1-0"]
[WhiteElo "2270"]
[BlackElo "2186"]
[PlyCount "89"]
[EventDate "2023.09.26"]
[EventType "swiss (blitz)"]
[EventRounds "11"]
[EventCountry "USA"]
[SourceTitle "EXT 2024"]
[Source "ChessBase"]
[SourceDate "2023.10.10"]
[SourceVersion "1"]
[SourceVersionDate "2023.10.10"]
[SourceQuality "1"]

1. Nf3 Nf6 2. c4 d6 3. b3 g6 4. Bb2 Bg7 5. g3 0-0 6. Bg2 e5 7. d3 Nc6 8. 0-0 Nh5 9. Nc3 f5 10. Nd5 Nf6 11. a3 Ne7 12. Nxf6+ Bxf6 13. d4 e4 14. Nd2 d5 15. e3 Be6 16. Qc2 Rc8 17. c5 g5 18. b4 Qe8 19. a4 f4 20. Rfb1 Qh5 21. exf4 gxf4 22. Re1 Bh3 23. Bh1 Kh8 24. Nf1 Rg8 25. Bxe4 dxe4 26. Qxe4 Bxf1 27. Qxf4 Nd5 28. Qe4 Bh3 29. Qh1 Bg4 30. Qg2 Bf3 31. Qf1 Nf4 32. Qc4 Nh3+ 33. Kf1 Ng5 34. h4 Qg4 35. Re3 Rce8 36. hxg5 Rxe3 37. fxe3 Qh3+ 38. Ke1 Qxg3+ 39. Kd2 Bxg5 40. d5+ Rg7 41. Bxg7+ Kxg7 42. Qd4+ Kh6 43. Kc3 Bh5 44. Rh1 Qg2 45. Re1 1-0

[Event "Titled Tuesday intern op 05th Sep Early"]
[Site "Chess.com INT"]
[Date "2023.09.05"]
[Round "6"]
[White "Grochal, Joey"]
[Black "Shah, Vishwa Megh"]
[Result "1/2-1/2"]
[WhiteElo "2241"]
[BlackElo "2186"]
[PlyCount "110"]
[EventDate "2023.09.05"]
[EventType "swiss (blitz)"]
[EventRounds "11"]
[EventCountry "USA"]
[SourceTitle "EXT 2024"]
[Source "ChessBase"]
[SourceDate "2023.10.10"]
[SourceVersion "1"]
[SourceVersionDate "2023.10.10"]
[SourceQuality "1"]

1. e4 c5 2. Nf3 d6 3. d4 cxd4 4. Nxd4 Nf6 5. Nc3 a6 6. Be3 e5 7. Nb3 Be7 8. f3 Be6 9. Qd2 h5 10. 0-0-0 Nbd7 11. Nd5 Nxd5 12. exd5 Bf5 13. Bd3 Bxd3 14. Qxd3 Bg5 15. Kb1 Bxe3 16. Qxe3 0-0 17. c4 b5 18. c5 dxc5 19. Nxc5 Nxc5 20. Qxc5 Rc8 21. Qe3 Qd6 22. Rd2 Rc4 23. Rhd1 Rfc8 24. Qg5 g6 25. g4 hxg4 26. fxg4 a5 27. Re2 Re8 28. h4 a4 29. h5 a3 30. hxg6 fxg6 31. Rf1 axb2 32. Rxb2 Rf4 33. Rc1 Qf6 34. Qxf6 Rxf6 35. Rxb5 e4 36. Re1 e3 37. Kc2 Rf2+ 38. Kd3 Rxa2 39. Re2 Ra3+ 40. Kd4 Ra4+ 41. Kc5 Rxg4 42. Rb3 Rge4 43. d6 Kf7 44. Kc6 R8e6 45. Kd7 R6e5 46. Rb1 Rd5 47. Rf1+ Kg7 48. Rf3 Red4 49. Rfxe3 Rxd6+ 50. Ke7 Rd7+ 51. Ke6 R7d6+ 52. Ke5 R6d5+ 53. Ke6 Rd6+ 54. Ke5 R6d5+ 55. Ke6 Rd6+ 1/2-1/2

[Event "Titled Tuesday intern op 05th Sep Early"]
[Site "Chess.com INT"]
[Date "2023.09.05"]
[Round "1"]
[White "Marcziter, Dmitrii"]
[Black "Shah, Vishwa Megh"]
[Result "1-0"]
[WhiteElo "2236"]
[BlackElo "2186"]
[PlyCount "103"]
[EventDate "2023.09.05"]
[EventType "swiss (blitz)"]
[EventRounds "11"]
[EventCountry "USA"]
[SourceTitle "EXT 2024"]
[Source "ChessBase"]
[SourceDate "2023.10.10"]
[SourceVersion "1"]
[SourceVersionDate "2023.10.10"]
[SourceQuality "1"]

1. d4 Nf6 2. c4 c5 3. d5 b5 4. cxb5 a6 5. b6 Qxb6 6. Nc3 g6 7. Nf3 d6 8. Nd2 Bg7 9. Nc4 Qd8 10. e4 0-0 11. Be2 Nbd7 12. a4 Rb8 13. a5 Ne8 14. 0-0 Nc7 15. Na4 Nb5 16. Nab6 Nxb6 17. Nxb6 Nd4 18. Bc4 e6 19. Ra3 exd5 20. Bxd5 Bd7 21. Re1 Bb5 22. h3 Re8 23. Bf4 Be5 24. Bxe5 Rxe5 25. f4 Re8 26. Rae3 Qf6 27. Qg4 h5 28. Qg3 Nc2 29. e5 Qg7 30. e6 f5 31. e7+ Kh7 32. Kh2 Nxe3 33. Qxe3 Qd4 34. Qe6 Qxf4+ 35. Kh1 Qf2 36. Qf7+ Kh6 37. Rd1 Qe2 38. Bf3 Qxe7 39. Qb3 Qe3 40. Qc2 Re5 41. Rxd6 Qe1+ 42. Kh2 h4 43. Qd2+ Qxd2 44. Rxd2 Rbe8 45. Nd5 Re1 46. Nf4 Rb1 47. Rd6 Rg8 48. Bd5 Rg7 49. Ne6 Re7 50. Nf8 Rg7 51. Ne6 Re7 52. b3 1-0

[Event "Titled Tuesday intern op 05th Sep Early"]
[Site "Chess.com INT"]
[Date "2023.09.05"]
[Round "3"]
[White "Shah, Vishwa Megh"]
[Black "Batbold, Nyamsuren"]
[Result "0-1"]
[WhiteElo "2186"]
[BlackElo "2143"]
[PlyCount "84"]
[EventDate "2023.09.05"]
[EventType "swiss (blitz)"]
[EventRounds "11"]
[EventCountry "USA"]
[SourceTitle "EXT 2024"]
[Source "ChessBase"]
[SourceDate "2023.10.10"]
[SourceVersion "1"]
[SourceVersionDate "2023.10.10"]
[SourceQuality "1"]

1. e4 c5 2. Nc3 Nc6 3. Bb5 g6 4. Bxc6 bxc6 5. f4 Bg7 6. Nf3 d6 7. d3 Bg4 8. h3 Bxf3 9. Qxf3 Nf6 10. 0-0 0-0 11. Bd2 c4 12. dxc4 Qb6+ 13. c5 Qxc5+ 14. Be3 Qb4 15. Rab1 a5 16. a3 Qb7 17. e5 dxe5 18. fxe5 Nd5 19. Nxd5 cxd5 20. Bd4 e6 21. b4 Qc7 22. Qe2 axb4 23. axb4 Ra2 24. Rf2 Rc8 25. Rb2 Rxb2 26. Bxb2 Qc4 27. Qe1 Rb8 28. c3 Ra8 29. Bc1 Ra1 30. Qe3 Bxe5 31. Qxe5 Rxc1+ 32. Kh2 Qxc3 33. Qb8+ Kg7 34. b5 Qc7+ 35. Qxc7 Rxc7 36. Rb2 Rb7 37. Kg3 e5 38. Kf3 Kf6 39. Ke3 Ke6 40. Kd3 Kd6 41. Rf2 f5 42. Rb2 Kc5 0-1

[Event "Lignano Bella Italia op 2nd"]
[Site "Lignano Sabbiadoro"]
[Date "2023.08.20"]
[Round "6"]
[White "Dias, Savin"]
[Black "Shah, Vishwa Megh"]
[Result "0-1"]
[WhiteElo "2074"]
[BlackElo "2076"]
[PlyCount "86"]
[EventDate "2023.08.17"]
[EventType "swiss"]
[EventRounds "9"]
[EventCountry "ITA"]
[SourceTitle "EXT 2024"]
[Source "ChessBase"]
[SourceDate "2023.10.10"]
[SourceVersion "1"]
[SourceVersionDate "2023.10.10"]
[SourceQuality "1"]

1. d4 Nf6 2. c4 c5 3. d5 b5 4. cxb5 a6 5. bxa6 g6 6. Nc3 Bg7 7. e4 0-0 8. a7 Rxa7 9. Bc4 e6 10. Nge2 exd5 11. exd5 d6 12. 0-0 Na6 13. Nb5 Rd7 14. Nec3 Bb7 15. a3 Nc7 16. Nxc7 Rxc7 17. a4 Qa8 18. Bf4 Rd7 19. Qd3 Ng4 20. a5 Qd8 21. a6 Ba8 22. Qd2 Ne5 23. Bb5 Rc7 24. Rfd1 Qb8 25. Be2 c4 26. Ra5 Qb6 27. Nb5 c3 28. bxc3 Qxa5 29. Nxc7 Qxc7 30. Rb1 Rb8 31. Rxb8+ Qxb8 32. Qa2 Nd7 33. c4 Bd4 34. g3 Nc5 35. Qa5 Ne4 36. Be3 Bxe3 37. fxe3 Nc5 38. Bg4 h5 39. Be2 Kg7 40. Qb5 Qa7 41. g4 hxg4 42. Bxg4 Qxa6 43. Qb8 Qxc4 0-1

[Event "Lignano Bella Italia op 2nd"]
[Site "Lignano Sabbiadoro"]
[Date "2023.08.19"]
[Round "4"]
[White "Casagrande, Federico"]
[Black "Shah, Vishwa Megh"]
[Result "1/2-1/2"]
[WhiteElo "2145"]
[BlackElo "2076"]
[PlyCount "112"]
[EventDate "2023.08.17"]
[EventType "swiss"]
[EventRounds "9"]
[EventCountry "ITA"]
[SourceTitle "EXT 2024"]
[Source "ChessBase"]
[SourceDate "2023.10.10"]
[SourceVersion "1"]
[SourceVersionDate "2023.10.10"]
[SourceQuality "1"]

1. d4 d5 2. c4 e6 3. Nf3 a6 4. e3 Nf6 5. Qc2 b6 6. Nbd2 Bb7 7. cxd5 exd5 8. Bd3 Nbd7 9. 0-0 Be7 10. b3 0-0 11. Bb2 Re8 12. Rac1 c5 13. Qb1 Bd6 14. Rfd1 Qe7 15. Nf1 Ne4 16. Ng3 g6 17. Bxe4 dxe4 18. Nd2 Rad8 19. Nc4 Bc7 20. a4 h5 21. Nf1 b5 22. Na3 bxa4 23. bxa4 Nb6 24. Ba1 Nxa4 25. Qc2 Bc6 26. dxc5 Rxd1 27. Qxd1 Rd8 28. Bd4 Nb2 29. Qc2 Nd3 30. Rb1 Be5 31. Rb6 Bd5 32. Nc4 Bc7 33. Bf6 Qxc5 34. Bxd8 Bxb6 35. Bxb6 Qxc4 36. Qe2 Qb3 37. Bd4 a5 38. g4 Qa2 39. Qxa2 Bxa2 40. gxh5 gxh5 41. Ng3 Ne1 42. Bc3 Nf3+ 43. Kg2 Ng5 44. h4 Nh7 45. Bxa5 Bd5 46. Nxh5 f6 47. Kg3 Bf7 48. Nf4 f5 49. Bd8 Nf8 50. Be7 Ne6 51. Nxe6 Bxe6 52. Kf4 Kh7 53. Ke5 Bc8 54. Kf6 Kh6 55. Bd6 Kh5 56. Bg3 Bd7 1/2-1/2

[Event "Titled Tuesday intern op 04th Jul Early"]
[Site "Chess.com INT"]
[Date "2023.07.04"]
[Round "11"]
[White "Shah, Vishwa Megh"]
[Black "Legenia, Artem"]
[Result "0-1"]
[WhiteElo "2054"]
[BlackElo "2092"]
[PlyCount "78"]
[EventDate "2023.07.04"]
[EventType "swiss (blitz)"]
[EventRounds "11"]
[EventCountry "USA"]
[SourceTitle "EXT 2024"]
[Source "ChessBase"]
[SourceDate "2023.10.10"]
[SourceVersion "1"]
[SourceVersionDate "2023.10.10"]
[SourceQuality "1"]

1. e4 c5 2. Nf3 d6 3. d3 e6 4. g3 a6 5. Bg2 b5 6. c3 Bb7 7. 0-0 Nf6 8. Re1 Nbd7 9. Nbd2 Be7 10. d4 Qc7 11. a4 cxd4 12. cxd4 0-0 13. e5 dxe5 14. dxe5 Nd5 15. Ne4 b4 16. Bg5 Bxg5 17. Nexg5 Rac8 18. Rc1 Qxc1 19. Qxc1 Rxc1 20. Rxc1 Rc8 21. Rxc8+ Bxc8 22. Ne4 Bb7 23. Bf1 Ne3 24. fxe3 Bxe4 25. Nd2 Bb7 26. Nc4 Nc5 27. Nd6 Bd5 28. Kf2 a5 29. Bb5 f6 30. exf6 gxf6 31. g4 Kf8 32. Kg3 Ke7 33. Nc8+ Kd8 34. Nb6 Bb3 35. Kf4 Kc7 36. Nc4 Nxa4 37. Nxa5 Bd1 38. b3 Nc5 39. Bc4 Kb6 0-1

[Event "Titled Tuesday intern op 02nd May Early"]
[Site "Chess.com INT"]
[Date "2023.05.02"]
[Round "5"]
[White "Chirivi Castiblanco, Jenny Astrid"]
[Black "Shah, Vishwa Megh"]
[Result "1-0"]
[WhiteElo "2159"]
[BlackElo "2054"]
[PlyCount "73"]
[EventDate "2023.05.02"]
[EventType "swiss (blitz)"]
[EventRounds "11"]
[EventCountry "USA"]
[SourceTitle "EXT 2024"]
[Source "ChessBase"]
[SourceDate "2023.10.10"]
[SourceVersion "1"]
[SourceVersionDate "2023.10.10"]
[SourceQuality "1"]

1. d4 Nf6 2. c4 c5 3. d5 b5 4. Nc3 bxc4 5. e4 d6 6. Bxc4 g6 7. Nf3 Bg7 8. 0-0 0-0 9. Re1 Ba6 10. Nd2 Nfd7 11. f4 Nb6 12. Bxa6 Nxa6 13. Qe2 Nc7 14. Nf3 e6 15. dxe6 Nxe6 16. Be3 Qd7 17. Rad1 Qc7 18. Nb5 Qc6 19. Rxd6 Qxe4 20. g3 Nd5 21. Bf2 Qxe2 22. Rxe2 Nb6 23. Ng5 Nxg5 24. fxg5 Nc4 25. Rd7 Nxb2 26. Bxc5 Rfe8 27. Kf1 Rxe2 28. Kxe2 Re8+ 29. Kf3 a6 30. Nd6 Nd3 31. Nxe8 Ne5+ 32. Ke4 Nxd7 33. Kd5 Bb2 34. Be7 Nb6+ 35. Kc6 Nc4 36. Nc7 a5 37. Kb5 1-0

[Event "Titled Tuesday intern op 25th Apr Early"]
[Site "Chess.com INT"]
[Date "2023.04.25"]
[Round "2"]
[White "Estrada Nieto, Julian"]
[Black "Shah, Vishwa Megh"]
[Result "1-0"]
[WhiteElo "2217"]
[BlackElo "2111"]
[PlyCount "105"]
[EventDate "2023.04.25"]
[EventType "swiss (blitz)"]
[EventRounds "11"]
[EventCountry "USA"]
[SourceTitle "EXT 2024"]
[Source "ChessBase"]
[SourceDate "2023.10.10"]
[SourceVersion "1"]
[SourceVersionDate "2023.10.10"]
[SourceQuality "1"]

1. e4 e5 2. Nf3 Nc6 3. Bb5 a6 4. Ba4 Nf6 5. 0-0 b5 6. Bb3 d6 7. c3 Be7 8. Re1 0-0 9. d3 Na5 10. Bc2 c5 11. Nbd2 Nc6 12. Nf1 Qc7 13. Bg5 Re8 14. Ne3 Be6 15. Bxf6 Bxf6 16. Bb3 Rad8 17. a4 b4 18. Bd5 Ne7 19. Bxe6 fxe6 20. Ng4 Rf8 21. Qb3 Nc6 22. Qxe6+ Kh8 23. Rec1 Rde8 24. Qd5 Bd8 25. h3 Qd7 26. Nfh2 bxc3 27. bxc3 Ne7 28. Qa2 Ng6 29. Qe2 Qe7 30. Ne3 Nf4 31. Qg4 Nxd3 32. Nd5 Qf7 33. Rc2 Nxf2 34. Qe2 Bh4 35. Nf3 Nxh3+ 36. gxh3 Qxf3 37. Qxf3 Rxf3 38. Kg2 Ref8 39. Rb1 Rf2+ 40. Rxf2 Rxf2+ 41. Kg1 h6 42. Rb6 Re2 43. Rxd6 Rxe4 44. Rxa6 Rc4 45. Ra8+ Kh7 46. a5 Ra4 47. a6 e4 48. a7 Ra1+ 49. Kg2 Ra2+ 50. Kf1 Ra1+ 51. Ke2 Re1+ 52. Kd2 Ra1 53. Ke3 1-0

[Event "Titled Tuesday intern op 18th Apr Early"]
[Site "Chess.com INT"]
[Date "2023.04.18"]
[Round "3"]
[White "Shah, Vishwa Megh"]
[Black "Sargissyan, Sargis"]
[Result "0-1"]
[WhiteElo "2111"]
[BlackElo "2234"]
[PlyCount "68"]
[EventDate "2023.04.18"]
[EventType "swiss (blitz)"]
[EventRounds "11"]
[EventCountry "USA"]
[SourceTitle "EXT 2024"]
[Source "ChessBase"]
[SourceDate "2023.10.10"]
[SourceVersion "1"]
[SourceVersionDate "2023.10.10"]
[SourceQuality "1"]

1. e4 c5 2. Nc3 Nc6 3. Bb5 Nd4 4. Nf3 g6 5. Nxd4 cxd4 6. Ne2 Bg7 7. c3 Nf6 8. Bd3 dxc3 9. dxc3 0-0 10. 0-0 d5 11. Ng3 Bg4 12. Qb3 dxe4 13. Bc4 Qc7 14. h3 Bd7 15. Re1 Rac8 16. Bf1 Bc6 17. Bg5 Bd5 18. Qc2 h6 19. Bxf6 exf6 20. Nxe4 f5 21. Nd2 f4 22. c4 f3 23. g3 Bc6 24. Rad1 Qb6 25. b3 Rfe8 26. Ne4 Bd4 27. Nd6 Rxe1 28. Nxc8 Bxf2+ 29. Kh2 Rxd1 30. Nxb6 Rxf1 31. Nd5 Bg1+ 32. Kh1 Bd4+ 33. Kh2 f2 34. Qe2 Re1 0-1

[Event "Titled Tuesday intern op 28th Mar Early"]
[Site "Chess.com INT"]
[Date "2023.03.28"]
[Round "1"]
[White "Bodnaruk, Anastasia"]
[Black "Shah, Vishwa Megh"]
[Result "1-0"]
[WhiteElo "2344"]
[BlackElo "2111"]
[PlyCount "53"]
[EventDate "2023.03.28"]
[EventType "swiss (blitz)"]
[EventRounds "11"]
[EventCountry "USA"]
[SourceTitle "EXT 2024"]
[Source "ChessBase"]
[SourceDate "2023.10.10"]
[SourceVersion "1"]
[SourceVersionDate "2023.10.10"]
[SourceQuality "1"]

1. e4 c5 2. Nc3 d6 3. Nge2 Nc6 4. d4 cxd4 5. Nxd4 Nf6 6. Bc4 e6 7. 0-0 Be7 8. Be3 0-0 9. Bb3 Na5 10. f4 Bd7 11. e5 Ne8 12. Qf3 Nxb3 13. axb3 d5 14. f5 exf5 15. Nxf5 Bxf5 16. Qxf5 d4 17. Rad1 Bc5 18. Ne4 Qc8 19. Qxc8 Rxc8 20. Bf2 Bb6 21. Rd2 f5 22. Ng5 Nc7 23. Bxd4 Bxd4+ 24. Rxd4 h5 25. e6 Rce8 26. Re1 f4 27. Rd7 1-0

[Event "Titled Tuesday intern op 28th Mar Early"]
[Site "Chess.com INT"]
[Date "2023.03.28"]
[Round "11"]
[White "Shah, Vishwa Megh"]
[Black "Floresvillar Gonzalez, Luis Miguel"]
[Result "1-0"]
[WhiteElo "2111"]
[BlackElo "2075"]
[PlyCount "71"]
[EventDate "2023.03.28"]
[EventType "swiss (blitz)"]
[EventRounds "11"]
[EventCountry "USA"]
[SourceTitle "EXT 2024"]
[Source "ChessBase"]
[SourceDate "2023.10.10"]
[SourceVersion "1"]
[SourceVersionDate "2023.10.10"]
[SourceQuality "1"]

1. e4 c6 2. d3 d5 3. Nd2 Nf6 4. g3 e5 5. Bg2 Bg4 6. Ngf3 Nbd7 7. 0-0 Bc5 8. h3 Bh5 9. c3 b5 10. b4 Bb6 11. a4 a6 12. Qc2 Bxf3 13. Nxf3 dxe4 14. dxe4 0-0 15. Re1 Qe7 16. Nh4 g6 17. Bg5 Kg7 18. Qc1 Rh8 19. Bh6+ Kg8 20. Nf3 Rd8 21. axb5 axb5 22. Rd1 Nf8 23. Rxd8 Qxd8 24. Qc2 Ne6 25. Nxe5 Qc7 26. Ra8+ Nd8 27. Qd3 Qxe5 28. Rxd8+ Bxd8 29. Qxd8+ Ne8 30. Bf3 f6 31. Bf4 Qe6 32. Bg4 f5 33. exf5 gxf5 34. Bh5 Kg7 35. Qg5+ Qg6 36. Bxg6 1-0

[Event "Titled Tuesday intern op 28th Mar Early"]
[Site "Chess.com INT"]
[Date "2023.03.28"]
[Round "9"]
[White "Shah, Vishwa Megh"]
[Black "Vargas, Mauricio"]
[Result "1-0"]
[WhiteElo "2111"]
[BlackElo "2056"]
[PlyCount "47"]
[EventDate "2023.03.28"]
[EventType "swiss (blitz)"]
[EventRounds "11"]
[EventCountry "USA"]
[SourceTitle "EXT 2024"]
[Source "ChessBase"]
[SourceDate "2023.10.10"]
[SourceVersion "1"]
[SourceVersionDate "2023.10.10"]
[SourceQuality "1"]

1. e4 c5 2. Nf3 d6 3. d3 g6 4. g3 Bg7 5. Bg2 Nf6 6. 0-0 e5 7. c3 0-0 8. a3 b6 9. b4 Nc6 10. Nbd2 Bg4 11. h3 Bd7 12. Nc4 Qe7 13. b5 Nd8 14. a4 Ne6 15. Bb2 Rfd8 16. Nfd2 Nh5 17. Ne3 Rf8 18. Nd5 Qd8 19. Nc4 Qb8 20. Qb3 Kh8 21. a5 bxa5 22. Rxa5 f5 23. exf5 gxf5 24. b6 1-0

[Event "Titled Tuesday intern op 14th Mar Early"]
[Site "Chess.com INT"]
[Date "2023.03.14"]
[Round "2"]
[White "Bornholdt, Joa Max"]
[Black "Shah, Vishwa Megh"]
[Result "1-0"]
[WhiteElo "2283"]
[BlackElo "2111"]
[PlyCount "69"]
[EventDate "2023.03.14"]
[EventType "swiss (blitz)"]
[EventRounds "11"]
[EventCountry "USA"]
[SourceTitle "EXT 2024"]
[Source "ChessBase"]
[SourceDate "2023.10.10"]
[SourceVersion "1"]
[SourceVersionDate "2023.10.10"]
[SourceQuality "1"]

1. e4 c5 2. Nf3 d6 3. d4 cxd4 4. Nxd4 Nf6 5. Nc3 a6 6. Rg1 e5 7. Nb3 Be6 8. g4 h6 9. h4 d5 10. exd5 Nxd5 11. Nxd5 Qxd5 12. Be3 Nc6 13. Qxd5 Bxd5 14. 0-0-0 0-0-0 15. Bb6 Rd7 16. g5 Be6 17. Rxd7 Bxd7 18. Bc4 hxg5 19. hxg5 f6 20. gxf6 gxf6 21. Nc5 Bxc5 22. Bxc5 b5 23. Bd5 Nd4 24. Rg7 Ne6 25. Bxe6 Bxe6 26. Ra7 Rh1+ 27. Kd2 Ra1 28. Rxa6 Kd7 29. a3 Rb1 30. Rd6+ Ke7 31. Rb6+ Kf7 32. Rxb5 f5 33. a4 Ra1 34. Ba3 Rh1 35. Rxe5 1-0

[Event "Titled Tuesday intern op 7th Mar Early"]
[Site "Chess.com INT"]
[Date "2023.03.07"]
[Round "10"]
[White "Dishman, Stephen"]
[Black "Shah, Vishwa Megh"]
[Result "1-0"]
[WhiteElo "2274"]
[BlackElo "2111"]
[PlyCount "61"]
[EventDate "2023.03.07"]
[EventType "swiss (blitz)"]
[EventRounds "11"]
[EventCountry "USA"]
[SourceTitle "EXT 2024"]
[Source "ChessBase"]
[SourceDate "2023.10.10"]
[SourceVersion "1"]
[SourceVersionDate "2023.10.10"]
[SourceQuality "1"]

1. d4 Nf6 2. Bg5 c5 3. d5 b5 4. Bxf6 exf6 5. e3 Qb6 6. Nd2 d6 7. a4 b4 8. Nc4 Qc7 9. Ne2 g6 10. Nf4 a5 11. Qf3 f5 12. Qg3 Nd7 13. Be2 Nf6 14. f3 Bg7 15. h4 Bb7 16. Rd1 0-0-0 17. h5 Bh6 18. Kf2 g5 19. Nh3 Nxd5 20. Rd2 Kb8 21. Rhd1 f4 22. exf4 Nxf4 23. Nxf4 gxf4 24. Qh4 d5 25. Qf6 Qc6 26. Qe5+ Ka7 27. Nxa5 Qe6 28. Qc7 Qe3+ 29. Kf1 Rb8 30. Nc6+ Ka8 31. Qa5+ 1-0

[Event "Titled Tuesday intern op 7th Mar Early"]
[Site "Chess.com INT"]
[Date "2023.03.07"]
[Round "8"]
[White "Lauridsen, Jesper Morch"]
[Black "Shah, Vishwa Megh"]
[Result "1-0"]
[WhiteElo "2251"]
[BlackElo "2111"]
[PlyCount "87"]
[EventDate "2023.03.07"]
[EventType "swiss (blitz)"]
[EventRounds "11"]
[EventCountry "USA"]
[SourceTitle "EXT 2024"]
[Source "ChessBase"]
[SourceDate "2023.10.10"]
[SourceVersion "1"]
[SourceVersionDate "2023.10.10"]
[SourceQuality "1"]

1. e4 c5 2. Nf3 d6 3. d4 cxd4 4. Nxd4 Nf6 5. Nc3 a6 6. g3 e5 7. Nde2 Be6 8. Bg2 Nbd7 9. 0-0 b5 10. h3 h5 11. Bg5 Be7 12. f4 0-0 13. b3 Nb6 14. f5 Bd7 15. Nc1 Bc6 16. Bxf6 Bxf6 17. Qxh5 d5 18. exd5 Nxd5 19. Ne4 Ne3 20. Nxf6+ Qxf6 21. Bxc6 Qxc6 22. Rf2 Qc3 23. Qf3 Qxa1 24. Qxe3 Rfd8 25. f6 Rd1+ 26. Rf1 Qd4 27. Qxd4 Rxd4 28. Nd3 e4 29. Ne5 Rd5 30. Ng4 g6 31. Re1 Rd4 32. Kf2 Rc8 33. Ke3 Rd6 34. Kf4 Rb8 35. Rxe4 Rc6 36. Re7 Rxc2 37. Nh6+ Kf8 38. Rxf7+ Ke8 39. Rh7 Rd8 40. Rh8+ Kd7 41. Rxd8+ Kxd8 42. Ng8 Ke8 43. Kg5 Rg2 44. g4 1-0

[Event "Titled Tuesday intern op 7th Mar Early"]
[Site "Chess.com INT"]
[Date "2023.03.07"]
[Round "3"]
[White "Shah, Vishwa Megh"]
[Black "Mkrtchyan, Mikayel"]
[Result "0-1"]
[WhiteElo "2111"]
[BlackElo "1946"]
[PlyCount "54"]
[EventDate "2023.03.07"]
[EventType "swiss (blitz)"]
[EventRounds "11"]
[EventCountry "USA"]
[SourceTitle "EXT 2024"]
[Source "ChessBase"]
[SourceDate "2023.10.10"]
[SourceVersion "1"]
[SourceVersionDate "2023.10.10"]
[SourceQuality "1"]

1. e4 c5 2. Nc3 Nc6 3. Bb5 Nd4 4. Nf3 a6 5. Bd3 g6 6. Nxd4 cxd4 7. Ne2 Bg7 8. c3 dxc3 9. dxc3 b5 10. 0-0 Bb7 11. a4 Nf6 12. Ng3 0-0 13. e5 Nd5 14. Qe2 b4 15. c4 Nc7 16. f4 d6 17. Be3 dxe5 18. fxe5 Bxe5 19. Rad1 Qc8 20. Bh6 Bg7 21. Bxg7 Kxg7 22. Qxe7 Ne6 23. Qf6+ Kg8 24. Kh1 Qd8 25. Qe5 Qc7 26. Qf6 Rad8 27. h4 Qxg3 0-1

[Event "Titled Tuesday intern op 7th Mar Early"]
[Site "Chess.com INT"]
[Date "2023.03.07"]
[Round "6"]
[White "Shah, Vishwa Megh"]
[Black "Orujov, Farid"]
[Result "1-0"]
[WhiteElo "2111"]
[BlackElo "2225"]
[PlyCount "32"]
[EventDate "2023.03.07"]
[EventType "swiss (blitz)"]
[EventRounds "11"]
[EventCountry "USA"]
[SourceTitle "EXT 2024"]
[Source "ChessBase"]
[SourceDate "2023.10.10"]
[SourceVersion "1"]
[SourceVersionDate "2023.10.10"]
[SourceQuality "1"]

1. e4 c5 2. Nc3 d6 3. f4 g6 4. Nf3 Bg7 5. Bc4 Nc6 6. 0-0 e6 7. d4 Nxd4 8. Be3 Nxf3+ 9. Qxf3 Ne7 10. f5 gxf5 11. exf5 exf5 12. Rae1 Be6 13. Bg5 Qd7 14. Bb5 Bd4+ 15. Kh1 0-0-0 16. Bxd7+ Rxd7 1-0

[Event "Titled Tuesday intern op 7th Mar Early"]
[Site "Chess.com INT"]
[Date "2023.03.07"]
[Round "9"]
[White "Shah, Vishwa Megh"]
[Black "Prieto Aranguren, Alain"]
[Result "1-0"]
[WhiteElo "2111"]
[BlackElo "2267"]
[PlyCount "73"]
[EventDate "2023.03.07"]
[EventType "swiss (blitz)"]
[EventRounds "11"]
[EventCountry "USA"]
[SourceTitle "EXT 2024"]
[Source "ChessBase"]
[SourceDate "2023.10.10"]
[SourceVersion "1"]
[SourceVersionDate "2023.10.10"]
[SourceQuality "1"]

1. e4 c6 2. d4 d5 3. e5 c5 4. dxc5 Nc6 5. Nf3 Bg4 6. Bb5 e6 7. Be3 Nge7 8. c3 Nf5 9. Bxc6+ bxc6 10. Bd4 Nxd4 11. Qxd4 Bxf3 12. gxf3 Qg5 13. Nd2 Be7 14. f4 Qf5 15. 0-0 0-0 16. Rfe1 Rab8 17. b4 f6 18. Re3 Kh8 19. Rae1 fxe5 20. Qxe5 Qxf4 21. Qxf4 Rxf4 22. Rxe6 Bh4 23. Re8+ Rf8 24. Rxb8 Rxb8 25. Nf3 Bf6 26. Nd4 Bxd4 27. cxd4 Kg8 28. a3 a5 29. bxa5 Rb3 30. Re6 Rxa3 31. Rxc6 Ra4 32. a6 Kf7 33. Rc7+ Ke6 34. a7 Kf5 35. Rxg7 Ke4 36. c6 Kxd4 37. Rg4+ 1-0

[Event "IND-chT (Women)"]
[Site "Pollachi"]
[Date "2023.02.13"]
[Round "4.1"]
[White "Shah, Vishwa Megh"]
[Black "Priyanka, K."]
[Result "0-1"]
[WhiteElo "2127"]
[BlackElo "2177"]
[PlyCount "74"]
[EventDate "2023.02.10"]
[EventType "team-swiss"]
[EventRounds "7"]
[EventCountry "IND"]
[SourceTitle "CBM 212 Extra"]
[Source "ChessBase"]
[SourceDate "2023.03.31"]
[SourceVersion "1"]
[SourceVersionDate "2023.03.31"]
[SourceQuality "1"]
[WhiteTeam "Maharashtra (W)"]
[BlackTeam "AAI (W)"]
[WhiteTeamCountry "IND"]
[BlackTeamCountry "IND"]

1. Nf3 Nf6 2. g3 g6 3. Bg2 Bg7 4. 0-0 0-0 5. d3 d6 6. e4 c5 7. Nbd2 Nc6 8. a4 e6 9. c3 Qc7 10. Re1 b6 11. Nb3 Bb7 12. d4 e5 13. d5 Ne7 14. Bg5 h6 15. Bxf6 Bxf6 16. Nbd2 Bg7 17. Nc4 Rad8 18. Nfd2 f5 19. Ne3 Bc8 20. b4 f4 21. Nec4 h5 22. Qb3 Kh7 23. b5 Bg4 24. a5 Nc8 25. axb6 axb6 26. h3 Bd7 27. Nf3 Bh6 28. Reb1 fxg3 29. fxg3 Bxh3 30. Bxh3 Rxf3 31. Kg2 Rdf8 32. Bf5 gxf5 33. Kxf3 Qg7 34. Rg1 Qg4+ 35. Kg2 h4 36. Qc2 f4 37. Qf2 fxg3 0-1